[Event "BCF-ch Seniors"]
[Site "Aberystwyth"]
[Date "2014.07.31"]
[Round "6"]
[White "Clucas, Reg P"]
[Black "Ellison, Derek George"]
[Result "1-0"]
[WhiteElo "1890"]
[BlackElo "1955"]
[PlyCount "63"]
[EventDate "2014.07.26"]
[EventType "swiss"]
[EventRounds "7"]
[EventCountry "WLS"]
[SourceTitle "EXT 2017"]
[Source "ChessBase"]
[SourceDate "2016.10.25"]
[SourceVersion "1"]
[SourceVersionDate "2016.10.25"]
[SourceQuality "1"]

1. e4 c5 2. Nf3 a6 3. c4 d6 4. d4 cxd4 5. Nxd4 Nf6 6. Nc3 g6 7. Be2 Bg7 8. Be3 Nc6 9. f3 0-0 10. Qd2 Nxd4 11. Bxd4 Bd7 12. 0-0 h5 13. Rad1 e5 14. Be3 Ne8 15. Nd5 Bc6 16. Nb6 Rb8 17. c5 f5 18. exf5 gxf5 19. cxd6 f4 20. Bc5 Rf6 21. Nd5 Bxd5 22. Qxd5+ Kh8 23. Qxe5 Rh6 24. Qxf4 Rc8 25. Bd4 Nf6 26. Rc1 Rc6 27. Rxc6 bxc6 28. Bc4 h4 29. Re1 h3 30. Bf7 hxg2 31. Re8+ Nxe8 32. Qxh6# 1-0

[Event "BCF-ch Seniors"]
[Site "Aberystwyth"]
[Date "2014.07.29"]
[Round "4"]
[White "Fisher, C Phillip"]
[Black "Ellison, Derek George"]
[Result "1-0"]
[WhiteElo "1850"]
[BlackElo "1955"]
[PlyCount "115"]
[EventDate "2014.07.26"]
[EventType "swiss"]
[EventRounds "7"]
[EventCountry "WLS"]
[SourceTitle "EXT 2017"]
[Source "ChessBase"]
[SourceDate "2016.10.25"]
[SourceVersion "1"]
[SourceVersionDate "2016.10.25"]
[SourceQuality "1"]

1. e4 c5 2. Nf3 a6 3. c4 d6 4. Nc3 Nc6 5. d4 cxd4 6. Nxd4 Nf6 7. Be3 g6 8. Be2 Bg7 9. 0-0 0-0 10. Qd2 Bd7 11. f3 Rc8 12. Rac1 Qa5 13. Nb3 Qh5 14. g4 Qh3 15. Rf2 Ne5 16. Nd5 Nxd5 17. exd5 Bxg4 18. fxg4 Nxg4 19. Bxg4 Qxg4+ 20. Rg2 Qe4 21. Bd4 e5 22. dxe6 fxe6 23. Bxg7 Kxg7 24. Qd4+ Qxd4+ 25. Nxd4 Rf6 26. Rgc2 e5 27. Ne2 Rcf8 28. b4 b6 29. c5 bxc5 30. bxc5 d5 31. c6 d4 32. Ng3 Rf4 33. c7 Rc8 34. Rc4 Kf7 35. Rf1 g5 36. Rxf4+ gxf4 37. Ne4 Ke6 38. Rc5 d3 39. Kf2 Kd7 40. Nf6+ Kd6 41. Rc3 Ke7 42. Nxh7 e4 43. Ng5 e3+ 44. Ke1 d2+ 45. Ke2 Kd7 46. Nf3 Rg8 47. c8Q+ Rxc8 48. Rxc8 Kxc8 49. Nxd2 exd2 50. Kxd2 Kd7 51. Kd3 Ke6 52. Ke4 f3 53. Kxf3 Kf5 54. a4 a5 55. Ke3 Kg4 56. Kd4 Kh3 57. Kc5 Kxh2 58. Kb5 1-0

[Event "Gibraltar Challengers-A 12th"]
[Site "Caleta"]
[Date "2014.01.27"]
[Round "1"]
[White "Ellison, Derek George"]
[Black "Barrenechea Bahamonde, Gustavo"]
[Result "0-1"]
[WhiteElo "2013"]
[BlackElo "2208"]
[PlyCount "70"]
[EventDate "2014.01.27"]
[EventType "swiss"]
[EventRounds "5"]
[EventCountry "GGB"]
[SourceTitle "CBM 158 Extra"]
[Source "ChessBase"]
[SourceDate "2014.02.28"]
[SourceVersion "1"]
[SourceVersionDate "2014.02.28"]
[SourceQuality "1"]

1. e4 d5 2. exd5 Nf6 3. Nf3 Qxd5 4. Nc3 Qd8 5. d4 g6 6. Bc4 Bg7 7. Bg5 0-0 8. Qd2 a6 9. Bh6 b5 10. Bxg7 Kxg7 11. Bd3 Bb7 12. Qf4 Qd6 13. Qxd6 cxd6 14. Ke2 Nc6 15. Rhe1 Nb4 16. Rad1 Rac8 17. a3 Nxd3 18. Rxd3 Rc7 19. Kd2 Rfc8 20. d5 Kf8 21. Ng5 a5 22. Nge4 b4 23. axb4 axb4 24. Nxf6 bxc3+ 25. Rxc3 exf6 26. Rxc7 Rxc7 27. c3 Bxd5 28. f3 Re7 29. Ra1 Bc4 30. Ra8+ Kg7 31. Rd8 d5 32. b4 Re2+ 33. Kd1 Rxg2 34. b5 Rb2 35. Rb8 Rxb5 0-1

[Event "BCF-ch Senior"]
[Site "Torquay"]
[Date "2013.08.07"]
[Round "5.81"]
[White "Ellison, Derek George"]
[Black "Van Gemeren, Jan C"]
[Result "1-0"]
[WhiteElo "2041"]
[BlackElo "1850"]
[PlyCount "55"]
[EventDate "2013.08.03"]
[EventType "swiss"]
[EventRounds "7"]
[EventCountry "ENG"]
[SourceTitle "EXT 2023"]
[Source "ChessBase"]
[SourceDate "2022.10.05"]
[SourceVersion "1"]
[SourceVersionDate "2022.10.05"]
[SourceQuality "1"]

1. e4 g6 2. d4 Bg7 3. Bc4 d6 4. Qf3 e6 5. Ne2 Nc6 6. Be3 Nge7 7. Nbc3 0-0 8. g4 Kh8 9. h4 f5 10. gxf5 exf5 11. Qg2 fxe4 12. h5 Bf5 13. hxg6 Bxg6 14. Nf4 Rxf4 15. Bxf4 Nxd4 16. 0-0-0 c6 17. Nxe4 d5 18. Ng5 dxc4 19. Rxh7+ Kg8 20. Rxg7+ Kxg7 21. Be5+ Kg8 22. Rxd4 Qa5 23. Nf3 Kf7 24. Qg5 Rf8 25. Rd7 Kg8 26. Qxe7 Rf7 27. Rd8+ Kh7 28. Rh8# 1-0

[Event "BCF-ch Senior"]
[Site "Torquay"]
[Date "2013.08.06"]
[Round "3.72"]
[White "Ellison, Derek George"]
[Black "Plater, Ronald"]
[Result "0-1"]
[WhiteElo "2041"]
[BlackElo "1878"]
[PlyCount "100"]
[EventDate "2013.08.03"]
[EventType "swiss"]
[EventRounds "7"]
[EventCountry "ENG"]
[SourceTitle "EXT 2023"]
[Source "ChessBase"]
[SourceDate "2022.10.05"]
[SourceVersion "1"]
[SourceVersionDate "2022.10.05"]
[SourceQuality "1"]

1. e4 c5 2. c3 b6 3. d4 Bb7 4. Bd3 Nf6 5. Qe2 cxd4 6. cxd4 g6 7. Nc3 Bg7 8. f4 d6 9. Nf3 0-0 10. 0-0 Nbd7 11. f5 gxf5 12. exf5 Nd5 13. a3 N7f6 14. Bg5 Rc8 15. Rac1 h6 16. Bd2 Qd7 17. Rfe1 Rc7 18. Nxd5 Nxd5 19. Rxc7 Qxc7 20. f6 Nxf6 21. Qxe7 Qxe7 22. Rxe7 Bxf3 23. gxf3 Nd5 24. Rxa7 Bxd4+ 25. Kg2 Ne3+ 26. Kg3 Kg7 27. Ra4 Bc5 28. Bc3+ f6 29. Re4 d5 30. Rf4 Bd6 31. Bd4 Nc4 32. Kg4 Bxf4 33. Kxf4 Re8 34. b3 Na5 35. b4 Nc4 36. a4 Ra8 37. Bc2 Re8 38. Bd3 Rc8 39. Kf5 Rc6 40. b5 Rd6 41. f4 Nd2 42. a5 bxa5 43. b6 Nb3 44. Bf2 d4 45. b7 Rb6 46. Be4 a4 47. Bd5 Rb5 48. Ke6 Nc5+ 49. Kd6 Nxb7+ 50. Kc6 Rc5+ 0-1

[Event "BCF-ch Senior"]
[Site "Torquay"]
[Date "2013.08.06"]
[Round "4.76"]
[White "Valentine, Brian J"]
[Black "Ellison, Derek George"]
[Result "1-0"]
[WhiteElo "1923"]
[BlackElo "2041"]
[PlyCount "117"]
[EventDate "2013.08.03"]
[EventType "swiss"]
[EventRounds "7"]
[EventCountry "ENG"]
[SourceTitle "EXT 2023"]
[Source "ChessBase"]
[SourceDate "2022.10.05"]
[SourceVersion "1"]
[SourceVersionDate "2022.10.05"]
[SourceQuality "1"]

1. e4 c5 2. Nf3 d6 3. d4 cxd4 4. Nxd4 Nf6 5. Nc3 a6 6. Be2 g6 7. 0-0 Bg7 8. Kh1 b5 9. Bf3 e5 10. Nb3 Bb7 11. Bg5 h6 12. Be3 0-0 13. Qd2 b4 14. Nd5 Nxd5 15. exd5 e4 16. Bxe4 Bxb2 17. Qxb4 Qc7 18. Rab1 Bc3 19. Qa3 a5 20. Nd4 Bb4 21. Qb3 Ba6 22. Bd3 Kh7 23. Bxa6 Nxa6 24. c4 Nc5 25. Qc2 Nd7 26. Nc6 Bc5 27. Rfe1 Rae8 28. Bxc5 Nxc5 29. h3 a4 30. Qc3 Qd7 31. Qf3 Kg7 32. h4 Rxe1+ 33. Rxe1 Re8 34. Rxe8 Qxe8 35. Qe3 Qe4 36. Qd4+ Qxd4 37. Nxd4 Ne4 38. Nb5 Nxf2+ 39. Kg1 Ne4 40. Kf1 Nd2+ 41. Ke2 Nxc4 42. Kd3 Nb6 43. Kd4 Nc8 44. Nc3 a3 45. Nb5 f5 46. Nxa3 g5 47. hxg5 hxg5 48. Nc4 Kf6 49. a4 g4 50. a5 Kg5 51. a6 Kf4 52. Kd3 g3 53. Nxd6 Na7 54. Nf7 Kg4 55. d6 f4 56. Ne5+ Kf5 57. d7 Kxe5 58. d8Q f3 59. Qe8+ 1-0

[Event "ENG-ch Seniors"]
[Site "Dovedale"]
[Date "2008.01.31"]
[Round "4"]
[White "Byway, Paul V"]
[Black "Ellison, Derek George"]
[Result "1/2-1/2"]
[WhiteElo "2159"]
[BlackElo "2086"]
[PlyCount "40"]
[EventDate "2008.01.28"]
[EventType "swiss"]
[EventRounds "5"]
[EventCountry "ENG"]
[SourceTitle "EXT 2009"]
[Source "ChessBase"]
[SourceDate "2008.11.26"]
[SourceVersion "1"]
[SourceVersionDate "2008.11.26"]
[SourceQuality "1"]

1. c4 e5 2. g3 Nc6 3. Bg2 d6 4. Nc3 g6 5. d3 Bg7 6. Rb1 Nge7 7. b4 a6 8. a4 0-0 9. b5 axb5 10. axb5 Nd4 11. e3 Ne6 12. Nge2 f5 13. Nd5 Nxd5 14. cxd5 Nc5 15. 0-0 b6 16. d4 Ne4 17. f3 Nf6 18. Qb3 Kh8 19. Bd2 e4 20. Nc3 Qe7 1/2-1/2

[Event "ENG-ch Seniors"]
[Site "Dovedale"]
[Date "2008.01.30"]
[Round "3"]
[White "Ellison, Derek George"]
[Black "Simpson, James"]
[Result "0-1"]
[WhiteElo "2086"]
[BlackElo "2270"]
[PlyCount "98"]
[EventDate "2008.01.28"]
[EventType "swiss"]
[EventRounds "5"]
[EventCountry "ENG"]
[SourceTitle "EXT 2009"]
[Source "ChessBase"]
[SourceDate "2008.11.26"]
[SourceVersion "1"]
[SourceVersionDate "2008.11.26"]
[SourceQuality "1"]

1. e4 c6 2. Nc3 d5 3. Nf3 dxe4 4. Nxe4 Nf6 5. Nxf6+ exf6 6. d4 Bd6 7. Bd3 0-0 8. 0-0 Re8 9. Re1 Rxe1+ 10. Qxe1 Be6 11. c4 Nd7 12. Qe4 Nf8 13. Bf4 Ng6 14. Bxd6 Qxd6 15. Rd1 Re8 16. Bf1 Bd7 17. Qc2 Bg4 18. Qc3 h6 19. h3 Bc8 20. g3 h5 21. Re1 Rd8 22. Bg2 h4 23. Nxh4 Nxh4 24. gxh4 Be6 25. Rd1 b5 26. cxb5 cxb5 27. d5 b4 28. Qd4 a5 29. b3 Qe7 30. Rd3 Bf5 31. Rg3 Qd6 32. h5 Qe5 33. Qb6 Rc8 34. h6 g6 35. Qe3 Rc3 36. Qxe5 fxe5 37. d6 Rc1+ 38. Kh2 Rd1 39. Re3 f6 40. Re2 Rxd6 41. a3 Kh7 42. axb4 axb4 43. Be4 Be6 44. Bc2 Kxh6 45. Kg3 Rc6 46. Bd1 Rc1 47. Bc2 Rh1 48. Re4 Rxh3+ 49. Kg2 Rc3 0-1

[Event "ENG-ch Seniors"]
[Site "Dovedale"]
[Date "2008.01.28"]
[Round "1"]
[White "Day, Thomas W"]
[Black "Ellison, Derek George"]
[Result "0-1"]
[WhiteElo "2095"]
[BlackElo "2086"]
[PlyCount "63"]
[EventDate "2008.01.28"]
[EventType "swiss"]
[EventRounds "5"]
[EventCountry "ENG"]
[SourceTitle "EXT 2009"]
[Source "ChessBase"]
[SourceDate "2008.11.26"]
[SourceVersion "1"]
[SourceVersionDate "2008.11.26"]
[SourceQuality "1"]

1. d4 e6 2. e4 d5 3. Nd2 dxe4 4. Nxe4 Nd7 5. Nf3 Ngf6 6. Bg5 Be7 7. Nxf6+ Bxf6 8. Bxf6 Qxf6 9. Bb5 c6 10. Ba4 0-0 11. 0-0 e5 12. Re1 exd4 13. Qxd4 Qxd4 14. Nxd4 Nb6 15. Bb3 c5 16. a4 cxd4 17. a5 Nd7 18. Re7 Nc5 19. Bd5 Be6 20. Bf3 Rfe8 21. Bxb7 Nxb7 22. Rxb7 Rec8 23. b4 Rxc2 24. Rd1 a6 25. f3 Rd8 26. Rb6 Bc8 27. b5 axb5 28. a6 Rc7 29. Kf2 Kf8 30. Ra1 Ra7 31. Ke2 Be6 32. Kd2 0-1

[Event "WchT Seniors 1st"]
[Site "Port Erin"]
[Date "2004.10.05"]
[Round "1.2"]
[White "Ellison, Derek George"]
[Black "Tseitlin, Mark D"]
[Result "1/2-1/2"]
[WhiteElo "2097"]
[BlackElo "2406"]
[PlyCount "49"]
[EventDate "2004.10.05"]
[EventType "team-swiss"]
[EventRounds "8"]
[EventCountry "IOM"]
[SourceTitle "CBM 102 Extra"]
[Source "ChessBase"]
[SourceDate "2004.11.03"]
[SourceVersion "1"]
[SourceVersionDate "2004.11.03"]
[SourceQuality "1"]
[WhiteTeam "England III"]
[BlackTeam "Israel"]
[WhiteTeamCountry "ENG"]
[BlackTeamCountry "ISR"]

1. e4 c5 2. Nf3 Nc6 3. d4 cxd4 4. Nxd4 Nf6 5. Nc3 d6 6. Bg5 e6 7. Qd2 a6 8. 0-0-0 Bd7 9. Be2 Rc8 10. f4 Be7 11. Rhf1 0-0 12. Nf3 Qa5 13. e5 dxe5 14. fxe5 Nxe5 15. Nxe5 Qxe5 16. Bxf6 Bxf6 17. Qxd7 Rxc3 18. bxc3 Qxe2 19. Rxf6 gxf6 20. Rd3 Qh5 21. Qe7 Qh6+ 22. Kb2 Kh8 23. Rh3 Qg7 24. Rg3 Qh6 25. Rh3 1/2-1/2

[Event "Guernsey op 29th"]
[Site "Les Dicqs"]
[Date "2003.10.25"]
[Round "7"]
[White "Dorrington, Christopher"]
[Black "Ellison, Derek George"]
[Result "1-0"]
[WhiteElo "2175"]
[BlackElo "2106"]
[PlyCount "37"]
[EventDate "2003.10.19"]
[EventType "swiss"]
[EventRounds "7"]
[EventCountry "GCI"]
[SourceTitle "EXT 2005"]
[Source "ChessBase"]
[SourceDate "2004.11.15"]
[SourceVersion "1"]
[SourceVersionDate "2004.11.15"]
[SourceQuality "1"]

1. e4 c5 2. Nc3 Nc6 3. f4 d6 4. Nf3 g6 5. Bc4 Bg7 6. 0-0 e6 7. d3 Nge7 8. Qe1 0-0 9. Qh4 Na5 10. f5 exf5 11. Bg5 Nxc4 12. Bxe7 Qd7 13. Bxf8 Kxf8 14. dxc4 Qe7 15. Qxe7+ Kxe7 16. Rae1 Kf8 17. Rd1 fxe4 18. Nxe4 Bxb2 19. Nxd6 1-0

[Event "Guernsey op 29th"]
[Site "Les Dicqs"]
[Date "2003.10.23"]
[Round "5"]
[White "Goldberg, Menashe"]
[Black "Ellison, Derek George"]
[Result "0-1"]
[WhiteElo "2018"]
[BlackElo "2106"]
[PlyCount "100"]
[EventDate "2003.10.19"]
[EventType "swiss"]
[EventRounds "7"]
[EventCountry "GCI"]
[SourceTitle "EXT 2005"]
[Source "ChessBase"]
[SourceDate "2004.11.15"]
[SourceVersion "1"]
[SourceVersionDate "2004.11.15"]
[SourceQuality "1"]

1. e4 c5 2. Nc3 Nc6 3. f4 g6 4. Nf3 Bg7 5. Bc4 e6 6. 0-0 Nge7 7. d3 d5 8. Bb3 0-0 9. Qe1 Na5 10. Qh4 Nxb3 11. axb3 Nc6 12. Qh3 Nd4 13. Nxd4 cxd4 14. Nd1 dxe4 15. dxe4 Bd7 16. Nf2 Bc6 17. f5 exf5 18. exf5 gxf5 19. Qxf5 Qd5 20. Qxd5 Bxd5 21. Ng4 Be4 22. Nh6+ Bxh6 23. Bxh6 Rfc8 24. Ra4 Rxc2 25. Rf2 Rd8 26. Rxa7 d3 27. Rd2 Rdc8 28. g3 Rxd2 29. Bxd2 Rc2 30. Bc3 f5 31. Ra8+ Kf7 32. Rd8 Rg2+ 33. Kf1 Rxh2 34. Ke1 Ke7 35. Rg8 Kf7 36. Rg7+ Ke6 37. Rg8 Kd7 38. Rg7+ Kd6 39. Rg8 Rg2 40. Rg7 Re2+ 41. Kd1 Bf3 42. Bb4+ Kc6 43. Kc1 Rc2+ 44. Kb1 Rh2 45. Kc1 Be4 46. Kd1 Rxb2 47. Rxh7 Rxb3 48. Be7 Rb1+ 49. Kd2 Rb2+ 50. Ke3 Re2+ 0-1

[Event "GBR-ch Seniors"]
[Site "Edinburgh"]
[Date "2003.07.27"]
[Round "2"]
[White "Ellison, Derek George"]
[Black "Reuben, Stewart"]
[Result "1/2-1/2"]
[WhiteElo "1976"]
[BlackElo "2088"]
[PlyCount "20"]
[EventDate "2003.07.26"]
[EventType "swiss"]
[EventRounds "7"]
[EventCountry "SCO"]
[SourceTitle "EXT 2007"]
[Source "ChessBase"]
[SourceDate "2006.11.23"]
[SourceVersion "1"]
[SourceVersionDate "2006.11.23"]
[SourceQuality "1"]

1. e4 c5 2. c3 Nf6 3. e5 Nd5 4. d4 cxd4 5. Nf3 Nc6 6. cxd4 d6 7. Bc4 Nb6 8. Bb3 dxe5 9. Nxe5 Nxe5 10. dxe5 Qxd1+ 1/2-1/2

[Event "GBR-ch Seniors"]
[Site "Edinburgh"]
[Date "2003.07.26"]
[Round "1"]
[White "Nicolson, James R"]
[Black "Ellison, Derek George"]
[Result "1/2-1/2"]
[WhiteElo "1688"]
[BlackElo "1976"]
[PlyCount "43"]
[EventDate "2003.07.26"]
[EventType "swiss"]
[EventRounds "7"]
[EventCountry "SCO"]
[SourceTitle "EXT 2007"]
[Source "ChessBase"]
[SourceDate "2006.11.23"]
[SourceVersion "1"]
[SourceVersionDate "2006.11.23"]
[SourceQuality "1"]

1. c4 e5 2. Nc3 Nc6 3. Nf3 d6 4. d4 Bg4 5. dxe5 Bxf3 6. gxf3 Nxe5 7. f4 Nd7 8. Bg2 Rb8 9. Be3 a6 10. 0-0 Ngf6 11. h3 Be7 12. Qd2 0-0 13. a4 Re8 14. b4 Nf8 15. Nd5 Qd7 16. Kh2 Ng6 17. Ba7 Ra8 18. Bd4 Nxd5 19. cxd5 Qf5 20. e3 Bf6 21. Bxf6 Qxf6 22. Rac1 1/2-1/2

[Event "Preston op 16th"]
[Site "Preston"]
[Date "2003.??.??"]
[Round "?"]
[White "Davies, Nigel Rodney"]
[Black "Ellison, Derek George"]
[Result "1-0"]
[WhiteElo "2483"]
[BlackElo "2116"]
[PlyCount "69"]
[EventDate "2003.??.??"]
[EventType "swiss"]
[EventRounds "5"]
[EventCountry "ENG"]
[SourceTitle "EXT 2005"]
[Source "ChessBase"]
[SourceDate "2004.11.15"]
[SourceVersion "1"]
[SourceVersionDate "2004.11.15"]
[SourceQuality "1"]

1. Nf3 d5 2. c4 e6 3. g3 dxc4 4. Bg2 Nf6 5. Qc2 a6 6. Ne5 Nbd7 7. Nxc4 Be7 8. 0-0 0-0 9. d4 c5 10. dxc5 Bxc5 11. Nbd2 Qc7 12. Nb3 Ba7 13. Bd2 Ne5 14. Rac1 Qxc4 15. Qxc4 Nxc4 16. Rxc4 e5 17. Rfc1 Be6 18. Rc7 Bxb3 19. axb3 Rfd8 20. Bxb7 Rab8 21. Ba5 Bd4 22. Rc8 Rdxc8 23. Rxc8+ Rxc8 24. Bxc8 Bxb2 25. Bxa6 Ne4 26. Bc4 Kf8 27. Kg2 f6 28. Bd3 Bc3 29. Bb6 Nd2 30. Bc5+ Ke8 31. Bxh7 Nxb3 32. Bg6+ Kd7 33. Bf8 Nd4 34. Bxg7 Nxe2 35. h4 1-0

[Event "GBR-ch Seniors"]
[Site "Torquay"]
[Date "2002.08.07"]
[Round "5"]
[White "Cook, Michael P"]
[Black "Ellison, Derek George"]
[Result "0-1"]
[WhiteElo "2088"]
[BlackElo "2016"]
[PlyCount "108"]
[EventDate "2002.08.03"]
[EventType "swiss"]
[EventRounds "7"]
[EventCountry "ENG"]
[SourceTitle "EXT 2007"]
[Source "ChessBase"]
[SourceDate "2006.11.23"]
[SourceVersion "1"]
[SourceVersionDate "2006.11.23"]
[SourceQuality "1"]

1. d4 e6 2. Nf3 f5 3. Bg5 Be7 4. h4 Nf6 5. Nbd2 d6 6. Bxf6 Bxf6 7. e4 Nc6 8. c3 Qe7 9. Bb5 fxe4 10. Nxe4 Bd7 11. Qe2 0-0-0 12. 0-0-0 h6 13. Kb1 Kb8 14. Ka1 a6 15. Nxf6 Qxf6 16. Bc4 Rhe8 17. Nd2 d5 18. Bxa6 bxa6 19. Qxa6 Na7 20. Qa5 Bc6 21. Nf3 Bb7 22. Rhe1 Rd6 23. Qa4 Re7 24. Qc2 Nc6 25. Ne5 Rd8 26. Nd3 e5 27. Qb3 e4 28. Nc5 Na5 29. Qb4 Qd6 30. Na6+ Qxa6 31. Qxe7 Qf6 32. Qxf6 gxf6 33. Re3 Rg8 34. Rg1 f5 35. f4 Nc4 36. Re2 Bc8 37. b3 Nd6 38. Re3 Be6 39. g3 Bf7 40. Kb1 Bh5 41. Rc1 Bf3 42. c4 Rxg3 43. a4 Rg4 44. c5 Nc8 45. b4 Rxf4 46. b5 Rg4 47. a5 f4 48. Rb3 Be2 49. c6 Bd3+ 50. Kb2 f3 51. b6 Ba6 52. b7 Nd6 53. Rb6 cxb6 54. axb6 Bxb7 0-1

[Event "Jersey op"]
[Site "St Helier"]
[Date "2002.02.28"]
[Round "5"]
[White "Goldberg, Menashe"]
[Black "Ellison, Derek George"]
[Result "0-1"]
[WhiteElo "2046"]
[BlackElo "2116"]
[PlyCount "40"]
[EventDate "2002.02.24"]
[EventType "swiss"]
[EventRounds "7"]
[EventCountry "JCI"]
[SourceTitle "CBM 086 Extra"]
[Source "ChessBase"]
[SourceDate "2002.03.14"]
[SourceVersion "1"]
[SourceVersionDate "2002.03.14"]
[SourceQuality "1"]

1. e4 c5 2. Nc3 Nc6 3. f4 g6 4. Nf3 Bg7 5. Bc4 e6 6. 0-0 Nge7 7. d3 d5 8. Bb3 0-0 9. Qe1 Na5 10. Bd2 Nxb3 11. axb3 Nc6 12. Nd1 Nd4 13. Nxd4 cxd4 14. c4 dxc3 15. bxc3 Qb6+ 16. Qf2 Qxb3 17. Rxa7 Rxa7 18. Qxa7 dxe4 19. dxe4 Rd8 20. Qe3 Qc2 0-1

[Event "Jersey op"]
[Site "St Helier"]
[Date "2002.02.26"]
[Round "3"]
[White "Ellison, Derek George"]
[Black "Goater, Ken"]
[Result "0-1"]
[WhiteElo "2116"]
[BlackElo "2188"]
[PlyCount "100"]
[EventDate "2002.02.24"]
[EventType "swiss"]
[EventRounds "7"]
[EventCountry "JCI"]
[SourceTitle "CBM 086 Extra"]
[Source "ChessBase"]
[SourceDate "2002.03.14"]
[SourceVersion "1"]
[SourceVersionDate "2002.03.14"]
[SourceQuality "1"]

1. c4 c6 2. e4 d6 3. d4 Nf6 4. Nc3 Nbd7 5. Be3 e5 6. d5 Be7 7. h3 Qa5 8. Qd2 0-0 9. Nf3 a6 10. Be2 c5 11. 0-0 Re8 12. Kh2 Nf8 13. g4 Ng6 14. b3 Qd8 15. Rg1 Qd7 16. Rg3 Qd8 17. Rag1 Rb8 18. Bg5 Bd7 19. Bxf6 Bxf6 20. g5 Be7 21. Ne1 b5 22. Ng2 Qa5 23. h4 bxc4 24. bxc4 Rb4 25. h5 Nf8 26. f4 Reb8 27. fxe5 Rb2 28. Qf4 Qc7 29. Rf1 Be8 30. e6 fxe6 31. g6 h6 32. dxe6 Nxe6 33. Qf5 Nd4 34. Qd5+ Kh8 35. Bg4 Bf6 36. Rxf6 gxf6 37. g7+ Qxg7 38. Qxd6 f5 39. Bxf5 Nf3+ 40. Kh3 Ng5+ 41. Rxg5 hxg5 42. Nd5 Bxh5 43. Nge3 a5 44. e5 a4 45. Nf6 Qh6 46. Kg3 Bd1 47. Ng2 Rxg2+ 48. Kxg2 Rb2+ 49. Kg1 Qh2+ 50. Kf1 Qf2# 0-1

[Event "Monarch Assurance 10th"]
[Site "Port Erin"]
[Date "2001.10.02"]
[Round "4"]
[White "Ellison, Derek George"]
[Black "McNab, Colin Anderson"]
[Result "0-1"]
[WhiteElo "2104"]
[BlackElo "2437"]
[PlyCount "78"]
[EventDate "2001.09.29"]
[EventType "swiss"]
[EventRounds "9"]
[EventCountry "IOM"]
[SourceTitle "CBM 084 Extra"]
[Source "ChessBase"]
[SourceDate "2001.10.26"]
[SourceVersion "1"]
[SourceVersionDate "2001.10.26"]
[SourceQuality "1"]

1. c4 e5 2. g3 d6 3. Bg2 g6 4. Nc3 Bg7 5. d3 f5 6. e4 Nc6 7. Nge2 Nf6 8. 0-0 0-0 9. h3 Be6 10. Nd5 Qd7 11. Kh2 Kh8 12. Bg5 Ng8 13. Be3 Nd8 14. Ndc3 a6 15. f4 Rb8 16. a4 Nc6 17. exf5 gxf5 18. Ng1 e4 19. dxe4 Bxc4 20. Rf2 fxe4 21. Bxe4 Nf6 22. Bd3 Qf7 23. Bxc4 Qxc4 24. Qd2 Rbe8 25. Re2 d5 26. Nf3 d4 27. Nxd4 Rxe3 28. Rxe3 Nxd4 29. Qg2 Nf5 30. Re5 Nh5 31. Re4 Qc6 32. g4 Nh4 33. Qe2 Nxf4 34. Qc2 Nf3+ 35. Kg3 Ng5 36. Rxf4 Rxf4 37. Kxf4 Qf3+ 38. Kxg5 Bf6+ 39. Kh5 Qxh3# 0-1